000 01007nam a22002297a 4500
003 BD-DhJNU
005 20260412061035.0
008 260412b |||||||| |||| 00| 0 eng d
020 _a9788126015115
040 _aBD-DhJNU
_bENG
_cBD-DhJNU
_dBD-DhJNU
082 _223
_a822.33 SHO
100 _aশেক্সপিয়র, উইলিঅম
242 _aOthello /
_cWilliam Shakespeares ; translation by Sunil Kumar Chattopadhyay
245 _aওথেলো /
_cউইলিঅম শেক্সপিয়র ; সুনীলকুমার চট্টোপাধ্যায় কর্তৃক অণুদীত
_h
246 _aOthello /
260 _aনতুন দিল্লি :
_bসাহিত্য অকাদেমি,
_c2015.
300 _a১৩৬ পৃ. ;
_c২০ সেমি.।
650 _aনাটক
650 _aDrama
700 _aচট্টোপাধ্যায়, সুনীলকুমার
_eঅনুবাদক
942 _2ddc
_cBK
_n0
999 _c2671
_d2671